00610nam a2200145Ia 4500008004100000050002300041100003200064245011500096260008600211300002000297521001500317942000700332999001900339952010600358140724s9999 xx 000 0 und d aBF 575b.B252 2013 aBaril, Kristine Marielle M. aBehavioral manifestations of hyperactivity among preschoolers eating chocolates /cKristine Marielle M. Baril. aLas Piñas, Philippines :bSouthville International School and Colleges,cc2013. a60 p. :c28 cm. aPsychology cTH c229093d229093 001040aCLbCLcTHESESd2014-07-24l0oBF 575 .B252 2013pT0447r2018-05-15 00:00:00w2014-07-24yTH